Statistics for Biggest World Cities within 250 Km

Click here to take the quiz!

General Stats

  • This quiz has been taken 4,001 times
    (3,366 since last reset)
  • The average score is 215 of 689

Answer Stats

Lat Lon Pop D Country City % Correct
40.74997906-73.9800169322000k3360United StatesNew York
83%
19.44244244-99.130988222100k11319MexicoMexico City
82%
51.49999473-0.11672184414400k2508United KingdomLondon
81%
33.98997825-118.179980517600k2479United StatesLos Angeles
80%
35.68501691139.751407439500k2903JapanTokyo
80%
48.866692932.33333532611200k341FranceParis
80%
42.32996014-71.070013677350k299United StatesBoston
80%
-33.92001097151.18517984900k5380AustraliaSydney
80%
46.1351-60.1831105k312CanadaSydney
80%
25.7876107-80.224106086100k1484United StatesMiami
79%
37.74000775-122.45997777600k567United StatesSan Francisco
79%
47.57000205-122.3399854075k1092United StatesSeattle
79%
40.40002626-3.6833516866250k1054SpainMadrid
78%
30.0499603531.2499682216800k2899EgyptCairo
78%
-34.60250161-58.3975313715800k1674ArgentinaBuenos Aires
78%
41.383299582.1833703194650k506SpainBarcelona
78%
52.5218186613.401548624500k450GermanyBerlin
78%
55.7521641237.6155228316900k4177RussiaMoscow
78%
41.82999066-87.750054979800k1158United StatesChicago
78%
38.72272288-9.1448663052600k504PortugalLisbon
77%
43.69997988-79.420020797100k541CanadaToronto
77%
59.9166902910.749979211140k419NorwayOslo
77%
39.92889223116.388285721100k958ChinaBeijing
77%
-22.92502317-43.2250207912700k354BrazilRio de Janeiro
76%
29.81997438-95.339979296200k361United StatesHouston
76%
23.13195884-82.364182172225k365CubaHavana
76%
41.1049961529.0100015914300k1243TurkeyIstanbul
75%
4.596423563-74.083343969350k1869ColombiaBogotá
75%
-37.82003131144.97501624400k708AustraliaMelbourne
75%
32.82002382-96.840016936550k1282United StatesDallas
75%
59.9390145130.316020065450k635RussiaSaint Petersburg
75%
28.669992977.2300040326400k3654IndiaDelhi
75%
-26.1700447428.0300097213400k4483South AfricaJohannesburg
75%
-31.95501463115.83999872075k2729AustraliaPerth
74%
59.3507599518.097334732075k691SwedenStockholm
74%
-15.78334023-47.916052293825k623BrazilBrasília
74%
-33.9200109718.434988164125k1261South AfricaCape Town
74%
19.0169903872.856989323200k887IndiaMumbai
73%
36.76306483.050552533675k518AlgeriaAlgiers
73%
-33.45001382-70.667040857050k1139ChileSantiago
73%
-12.04801268-77.050062099950k3130PeruLima
73%
39.73918805-104.9840163525k934United StatesDenver
73%
36.20999778-115.22000612075k365United StatesLas Vegas
73%
14.60415895120.982217223300k1242PhilippinesManila
73%
-36.850013174.76498081470k2161New ZealandAuckland
73%
45.46997529.205008915150k643ItalyMilan
73%
38.89954938-77.009418588350k330United StatesWashington
73%
-6.174417705106.829437628100k3319IndonesiaJakarta
73%
60.1755633724.934126341230k300FinlandHelsinki
73%
33.53997988-112.06999174325k568United StatesPhoenix
73%
36.8027781410.17967812500k570TunisiaTunis
73%
37.9833262323.733321083425k570GreeceAthens
73%
-41.28664174.77557381k490New ZealandWellington
73%
55.6785641912.563485751610k289DenmarkCopenhagen
72%
37.5663491126.99973124400k870South KoreaSeoul
72%
55.87440472-4.2507072361620k284United KingdomGlasgow
72%
64.13548-21.89541118k1325IcelandReykjavik
72%
42.32996014-83.080055795700k334United StatesDetroit
72%
50.4333673330.516627973375k758UkraineKiev
72%
39.9272385932.864391644675k351TurkeyAnkara
72%
45.49999921-73.583296964100k405CanadaMontréal
72%
52.2500006320.999999552275k260PolandWarsaw
72%
33.83001385-84.399949385500k869United StatesAtlanta
72%
33.338648544.393868776850k695IraqBaghdad
72%
-23.55867959-46.6250199821800k7423BrazilSão Paulo
71%
15.354733344.206593382475k861YemenSana'a
71%
31.21645245121.436504730900k1201ChinaShanghai
71%
35.6719427751.4243440313700k1913IranTehran
70%
8.96801719-79.533037151460k511PanamaPanama City
70%
10.50099855-66.917037193700k1025VenezuelaCaracas
70%
40.8400252514.245011354250k657ItalyNaples
70%
34.75003522135.460144817800k404JapanOsaka
70%
13.74999921100.516644716900k1533ThailandBangkok
70%
21.30687644-157.85799791000k3852United StatesHonolulu
70%
33.59997622-7.6163674334175k831MoroccoCasablanca
69%
47.5000063319.083320682575k690HungaryBudapest
69%
25.2299961555.279974323925k855United Arab EmiratesDubai
69%
41.15000633-8.6200012631190k273PortugalPorto
69%
-1.28334674236.816656865200k667KenyaNairobi
69%
50.0833370114.465979781470k251Czech RepublicPrague
69%
24.6408331546.772741666700k991Saudi ArabiaRiyadh
68%
43.289979065.375010131640k269FranceMarseille
68%
32.8925000213.180011761110k513LibyaTripoli
68%
53.8999774427.566627161960k435BelarusMinsk
68%
44.433371826.099946652200k439RomaniaBucharest
68%
53.550024649.9999991442750k255GermanyHamburg
68%
-0.214988181-78.500051112550k272EcuadorQuito
68%
29.99500246-90.039966881010k512United StatesNew Orleans
68%
61.21806-149.90028291k2134United StatesAnchorage
67%
6.4432616533.39153107117100k6366NigeriaLagos
67%
9.03331036338.700004433475k987EthiopiaAddis Ababa
66%
10.78002545106.69502728250k748VietnamHo Chi Minh City
66%
-16.49797361-68.149985191890k1078BoliviaLa Paz
66%
1.293033466103.85582076900k316SingaporeSingapore
66%
25.03583333121.56833339050k358TaiwanTaipei
66%
44.97997927-93.251786343050k566United StatesMinneapolis
66%
21.03332725105.85001422950k322VietnamHanoi
66%
42.6833494323.316654011330k297BulgariaSofia
66%
27.94698793-82.458620854025k326United StatesTampa
66%
23.1449813113.325010147700k---ChinaGuangzhou
65%
44.8186454520.467990681400k316SerbiaBelgrade
65%
33.50003436.299995893475k612SyriaDamascus
65%
-6.80001259539.268341845300k2453TanzaniaDar es Salaam
65%
37.40501528-5.9800073661320k313SpainSeville
65%
14.62113466-90.526965583000k1059GuatemalaGuatemala City
64%
15.5880782332.534179245550k1606SudanKhartoum
64%
56.94624.10589742k362LatviaRiga
64%
-4.32972410215.3149718810600k1781Democratic Republic of the CongoKinshasa
64%
18.5410246-72.336034592850k257HaitiPort-au-Prince
64%
45.770008564.8300304751930k342FranceLyon
64%
23.7230597190.4085794717600k1425BangladeshDhaka
63%
14.71583173-17.473130133300k1800SenegalDakar
63%
9.93501243-84.084051351840k871Costa RicaSan José
62%
47.9166734106.91661581300k839MongoliaUlaanbaatar
62%
24.8699922966.9900089124300k1101PakistanKarachi
62%
3.166665872101.69998337000k1006MalaysiaKuala Lumpur
62%
6.93196575879.857750614675k682Sri LankaColombo
62%
-27.45503091153.03509272900k738AustraliaBrisbane
62%
34.5166902969.183260053725k370AfghanistanKabul
62%
40.7750163-111.93005192300k601United StatesSalt Lake City
62%
22.494969388.3246756616000k253IndiaKolkata
62%
-34.93498777138.60000481300k655AustraliaAdelaide
61%
29.3697176347.978301154150k537KuwaitKuwait City
61%
17.99702-76.79358937k475JamaicaKingston
61%
51.08299176-114.07999821420k675CanadaCalgary
61%
40.3952720349.862217162450k541AzerbaijanBaku
61%
20.67001609-103.33003424975k459MexicoGuadalajara
61%
45.8131315.97753800k266CroatiaZagreb
60%
39.48501752-0.4000120461930k298VenezuelaValencia
60%
53.55002464-113.49998191270k277CanadaEdmonton
60%
18.47007285-69.900085083650k938Dominican RepublicSanto Domingo
60%
2.06668133445.366677611720k1021SomaliaMogadishu
59%
9.0833331497.5333280022825k340NigeriaAbuja
59%
25.05823-77.34306227k297BahamasNassau
58%
36.16997438-86.779984991360k338United StatesNashville
58%
38.63501772-90.239980512350k413United StatesSaint Louis
58%
29.48733319-98.507305342050k308United StatesSan Antonio
58%
35.1199868-89.999995161150k314United StatesMemphis
58%
38.1320513.33561648k310ItalyPalermo
58%
5.550034606-0.216715744575k411GhanaAccra
57%
23.6133248158.593312131180k380OmanMuscat
57%
35.47004295-97.518683511090k300United StatesOklahoma City
56%
39.10708851-94.604094221920k382United StatesKansas City
56%
43.07497927141.34004432500k831JapanSapporo
56%
-8.83828611413.234427046800k549AngolaLuanda
56%
34.27502545108.89499636650k565ChinaXi'an
56%
-18.9166373547.51662392225k1610MadagascarAntananarivo
56%
-43.53333172.63333363k305New ZealandChristchurch
56%
13.0899878180.2799987410000k295IndiaChennai
56%
-25.29640298-57.641505172200k825ParaguayAsunción
56%
12.9699951477.5600097210500k837IndiaBangalore
56%
31.5599715474.3500247810200k423PakistanLahore
55%
27.7166919185.316642212775k446NepalKathmandu
55%
-12.46113130.84185129k720AustraliaDarwin
55%
35.20499453-80.830038092275k361United StatesCharlotte
55%
-3.100031719-60.000017542075k1294BrazilManaus
55%
43.6135-116.20345145k459United StatesBoise
55%
12.15301658-86.268491661340k342NicaraguaManagua
54%
-19.91502602-43.915004524925k340BrazilBelo Horizonte
54%
44.85001304-0.5950130631010k437FranceBordeaux
54%
25.66999514-100.32998484650k633MexicoMonterrey
54%
0.31665895532.583323533025k503UgandaKampala
54%
-33.96322.46173174k272South AfricaGeorge
54%
64.18347-51.7215714k1437DenmarkNuuk
53%
12.65001467-8.0000391052950k920MaliBamako
53%
60.392995.32415213k305NorwayBergen
53%
58.30194-134.4197231k872United StatesJuneau
52%
4.174873.50888103k609MaldivesMale
52%
40.1811507444.513551391480k279ArmeniaYerevan
52%
-17.8177896931.044709432325k975ZimbabweHarare
52%
6.31055666-10.804751631340k359LiberiaMonrovia
52%
-22.5594117.08323268k1141NamibiaWindhoek
52%
-29.86501330.980010543225k501South AfricaDurban
51%
46.490016330.710001181110k391UkraineOdessa
51%
17.3999831378.479953579000k500IndiaHyderabad
51%
51.537.045600k447GermanyThe Ruhr
51%
49.8844-97.14704632k619CanadaWinnipeg
51%
-42.87936147.32941216k582AustraliaHobart
51%
-25.9552774932.589162962200k456MozambiqueMaputo
51%
6.80448-58.15527235k521GuyanaGeorgetown
51%
41.3117018869.294932822650k754UzbekistanTashkent
51%
19.2866-81.3743629k313KYGeorge Town
51%
5.413613156100.32936791550k275MalaysiaGeorge Town
51%
-9.44314147.17972283k2086Papua New GuineaPort Moresby
51%
13.516705952.1166560451120k414NigerNiamey
51%
18.44002301-66.129979292150k398United StatesSan Juan
50%
-4.6166755.4522k1085SeychellesVictoria
50%
38.4361496827.151794012950k303TurkeyIzmir
50%
16.783354196.166677615150k575BurmaYangon
50%
35.09505292129.01004764275k328South KoreaBusan
50%
21.17429-86.84656542k288MexicoCancun
49%
39.16188479-84.456922652725k347United StatesCincinnati
49%
21.5168894639.219197554225k847Saudi ArabiaJeddah
49%
11.5890143.14503623k432DjiboutiDjibouti
49%
12.1130965415.049148311210k710ChadNdjamena
49%
-8.075645326-34.915605513775k1630BrazilRecife
48%
30.67000002104.07001959600k1240ChinaChengdu
48%
-15.4166442728.283327592275k396ZambiaLusaka
48%
-1.95359006930.060531781000k376RwandaKigali
48%
43.3249898576.915036171770k666KazakhstanAlmaty
47%
44.64533-63.57239359k641CanadaHalifax
47%
36.2299707237.17002032125k313SyriaAleppo
46%
43.8050122387.575005653625k1692ChinaÜrümqi
46%
12.37031598-1.5247237562100k628Burkina FasoOuagadougou
46%
35.08449-106.65114545k366United StatesAlbuquerque
46%
47.56494-52.7093199k591CanadaSaint John's
45%
-12.9699719-38.479987433650k667BrazilSalvador
45%
48.7100099944.499960491410k500RussiaVolgograd
45%
56.8500299360.599959671600k1018RussiaYekaterinburg
45%
5.86638-55.16682223k346SurinameParamaribo
45%
23.0300529272.580003627450k445IndiaAhmedabad
45%
4.8516531.58247300k513South SudanJuba
45%
5.319996967-4.040048265050k832Côte d'IvoireAbidjan
45%
-18.14161178.4414977k1332FijiSuva
45%
64.83778-147.7163931k418United StatesFairbanks
44%
9.531522846-13.680235032225k706GuineaConakry
44%
24.4999890339.58000241340k332Saudi ArabiaMedina
44%
-20.1619457.49889155k880MauritiusPort Louis
43%
15.3380538.93184563k436EritreaAsmara
43%
-1.450003236-48.480023032150k1129BrazilBelém
43%
-3.750017884-38.579981323575k627BrazilFortaleza
43%
18.08642702-15.975340411060k405MauritaniaNouakchott
43%
3.399959126-76.499966472925k299ColombiaCali
43%
25.6989332.6421422k473EgyptLuxor
43%
24.44999208118.08001710000k505ChinaXiamen
43%
-23.69748133.8836225k1284AustraliaAlice Springs
42%
14.93152-23.51254113k650Cape VerdePraia
42%
-30.05001463-51.200012054075k844BrazilPorto Alegre
42%
11.86357-15.59767388k331Guinea-BissauBissau
42%
4.36664430618.558288131060k783Central African RepublicBangui
42%
-33.9700337525.600028851210k662South AfricaPort Elizabeth
41%
11.999976838.52003784125k833NigeriaKano
41%
47.21725-1.55336277k273FranceNantes
41%
32.1148620.06859650k652LibyaBenghazi
41%
55.0299601482.960041871650k1291RussiaNovosibirsk
41%
45.74998395126.64998495150k508ChinaHarbin
41%
-13.83333-171.7666640k1151SamoaApia
40%
29.56497703106.59498167050k272ChinaChongqing
40%
30.58003135114.2700178000k567ChinaWuhan
40%
0.336546.7273253k256STSao Tome
40%
54.9899884273.399953571180k611RussiaOmsk
39%
63.4304910.39506147k392NorwayTrondheim
39%
68.9791733.09251319k593RussiaMurmansk
39%
46.80833-100.7837461k304United StatesBismarck
39%
38.5357568.77905679k305TajikistanDushanbe
39%
48.0000016537.829980021470k250UkraineDonetsk
39%
0.392419.45356578k405GabonLibreville
39%
56.3330072244.000094361760k402RussiaNizhny Novgorod
38%
-7.249235821112.75083334700k573IndonesiaSurabaya
38%
-2.220033754-79.920041953000k994EcuadorGuayaquil
38%
13.1-59.6166798k339BarbadosBridgetown
38%
44.5888333.5224379k289UkraineSevastopol
38%
-4.04002602239.689918171120k308KenyaMombasa
38%
-13.9832950733.783301961070k515MalawiLilongwe
38%
-31.39995807-64.182294561620k646ArgentinaCórdoba
37%
31.69037701-106.49004811440k562MexicoCiudad Juárez
37%
49.63417100.162527k292MongoliaMörön
37%
-8.55861125.57361150k280East TimorDili
37%
10.31997601123.90007522275k570PhilippinesCebu
37%
41.25861-95.93779408k264United StatesOmaha
37%
36.3450024643.145004431470k340IraqMosul
37%
-29.1210626.214463k319South AfricaBloemfontein
36%
35.71000246-0.619972781340k350AlgeriaOran
36%
49.8382624.02324717k294UkraineL'viv
36%
62.456-114.3525515k659CanadaYellowknife
36%
-16.92304145.76625153k281AustraliaCairns
35%
-17.73381168.3218835k539VanuatuPort Vila
35%
45.78329-108.50069104k593United StatesBillings
35%
26.8550390880.914998743325k415IndiaLucknow
34%
55.7499420449.126344771220k292RussiaKazan
34%
50.2603804719.020017052375k307PolandKatowice
34%
29.6591.1118k353ChinaLhasa
34%
-9.43333159.9556k1402Solomon IslandsHoniara
34%
16.77348-3.0074232k282MaliTimbuktu
34%
39.230549.11917149k283ItalyCagliari
34%
-21.13938-175.201822k744TongaNuku'alofa
34%
32.7000053151.70003782750k330IranIsfahan
33%
35.3278725.14341137k320GreeceHeraklion
33%
10.72997683-71.659977662475k519VenezuelaMaracaibo
33%
60.71611-135.0537523k271CanadaWhitehorse
33%
46.87719-96.7898105k335United StatesFargo
32%
57.9999597456.249992631100k290RussiaPerm
32%
1.3278172.9769640k1871KiribatiTarawa
32%
10.95998863-74.799966882000k344ColombiaBarranquilla
32%
49.9999829336.250024781650k411UkraineKharkiv
32%
41.80497927123.44997357650k560ChinaShenyang
31%
-25.420013-49.31999763275k342BrazilCuritiba
31%
52.29778104.29639586k522RussiaIrkutsk
31%
47.65966-117.42908208k331United StatesSpokane
31%
69.648918.9550852k561NorwayTromso
31%
-13.52264-71.96734312k321PeruCusco
31%
54.7899747956.040031291120k348RussiaUfa
31%
20.96663881-89.616633551070k627MexicoMérida
31%
4.93333-52.3333361k330FranceCayenne
30%
-8.650028871115.21998491500k313IndonesiaDenpasar
30%
28.09973-15.41343381k619SpainLas Palmas de Gran Canaria
30%
7.08971171.3802725k661Marshall IslandsMajuro
30%
46.7666723.6316k307RomaniaCluj-Napoca
30%
38.92283839121.62983084500k334ChinaDalian
30%
4.0604097699.7099910062825k605CameroonDouala
30%
21.9699884296.085028851400k443BurmaMandalay
30%
52.11679-106.63452198k487CanadaSaskatoon
29%
-32.95112954-60.666307621340k278ArgentinaRosario
29%
3.57997397898.650040243425k342IndonesiaMedan
29%
36.2700199659.56999673075k737IranMashhad
29%
43.54997-96.70033153k262United StatesSioux Falls
29%
-17.75391762-63.225996341860k542BoliviaSanta Cruz
29%
53.1950075550.151295121320k527RussiaSamara
29%
16.06778108.22083752k493VietnamDa Nang
28%
-45.87416170.50361114k310New ZealandDunedin
28%
36.08997927120.33000895700k436ChinaQingdao
28%
28.63528-106.08889809k340MexicoChihuahua
27%
-5.780023174-35.240004311370k256BrazilNatal
27%
38.28710614141.02171751490k310JapanSendai
27%
18.7903898.98468200k292ThailandChiang Mai
26%
25.06998008102.67997513950k630ChinaKunming
26%
-19.26639146.8057196k1087AustraliaTownsville
26%
48.38202-89.2501899k439CanadaThunder Bay
26%
64.540140.5433356k729RussiaArkhangel'sk
26%
65.0123625.46816128k400FinlandOulu
26%
4.8100022577.0100007722075k310NigeriaPort Harcourt
26%
22.81998822108.32004433200k514ChinaNanning
26%
62.03389129.73306235k1353RussiaYakutsk
25%
19.72972-155.0943k337United StatesHilo
25%
21.1699597479.089993853025k422IndiaNagpur
25%
28.19996991112.9699934450k292ChinaChangsha
25%
26.20717165127.67297161190k626JapanNaha
25%
32.63333-16.9100k463PortugalFunchal
24%
29.6299601452.570010541710k350IranShiraz
24%
-54.8-68.358k250ArgentinaUshuaia
24%
56.0139827792.866000531090k634RussiaKrasnoyarsk
24%
30.43998822-9.6200435811090k398MoroccoAgadir
24%
7.110016906125.62999551340k402PhilippinesDavao
24%
62.00973-6.7716413k366DenmarkTorshavn
23%
-1.24204116.89419700k514IndonesiaBalikpapan
23%
-5.139958884119.43202751780k775IndonesiaMakassar
23%
34.75499615113.66509274675k441ChinaZhengzhou
23%
26.4281917550.099670372375k387Saudi ArabiaDammam
23%
-22.27631166.457293k1457FranceNoumea
22%
53.04444158.65076187k1512RussiaPetropavlovsk-Kamchatsky
22%
28.0199809120.65009275900k251ChinaWenzhou
22%
-2.515984681-44.265990851410k483BrazilSão Luís
22%
-53.15483-70.91129117k847ChilePunta Arenas
22%
67.2814.4050134k323NorwayBodo
22%
-16.39889-71.535841k361PeruArequipa
21%
33.57786-101.85517229k433United StatesLubbock
21%
-38.7196-62.27243276k419ArgentinaBahia Blanca
21%
-17.95538122.2392212k462AustraliaBroome
21%
19.6174537.21644489k296SudanPort Sudan
20%
-11.680024827.480017451870k422Democratic Republic of the CongoLubumbashi
20%
38.0862915246.301245891620k400IranTabriz
20%
69.353588.2027140k1082RussiaNoril'sk
20%
51.5799898546.02999631090k333RussiaSaratov
20%
36.05602785103.79200032850k505ChinaLanzhou
20%
46.51677-84.3332574k256CanadaSault Ste. Marie
20%
-23.65236-70.3954309k521ChileAntofagasta
20%
59.5638150.8034795k872RussiaMagadan
19%
37.73333-25.6666720k972PortugalPonta Delgada
19%
46.87215-113.99466k261United StatesMissoula
19%
-35.0031117.8659533k276AustraliaAlbany
19%
44.08054-103.2310167k417United StatesRapid City
19%
-19.8436134.83889530k449MozambiqueBeira
19%
2.81972-60.67333235k649BrazilBoa Vista
19%
54.8727869.143200k251KazakhstanPetropavlov
19%
-3.74912-73.25383437k702PeruIquitos
19%
36.67498232116.99501873950k273ChinaJinan
19%
60.15456-1.1489922k339United KingdomLerwick
18%
53.9166-122.7530165k397CanadaPrince George
18%
30.2200016567.024993851180k426PakistanQuetta
18%
-20.31215118.6105915k1021AustraliaPort Hedland
18%
63.8284220.2597274k272SwedenUmea
18%
-2.980039043104.75002971690k421IndonesiaPalembang
18%
26.2917659773.016772831320k286IndiaJodhpur
18%
15.21233145.754548k2039MPSaipan
18%
1.55110.33333570k702MalaysiaKuching
18%
-8.09187-79.03357800k486PeruTrujillo
18%
7.1300932-73.125883021130k286ColombiaBucaramanga
18%
40.65220725109.82201982150k387ChinaBaotou
18%
-15.59611-56.09667521k557BrazilCuiaba
18%
-17.55-149.629k2409FranceFaaa
18%
52.94626-66.9113710k307CanadaLabrador City
17%
-10.16745-48.32766196k521BrazilPalmas
17%
-2.53371140.71813134k1046IndonesiaJayapura
17%
-6.15002642923.599995891860k745Democratic Republic of the CongoMbuji-Mayi
17%
-45.86414-67.49656140k656ArgentinaComodoro Rivadavia
17%
-30.74614121.474231k542AustraliaKalgoorlie
17%
41.2866736.33394k292TurkeySamsun
17%
11.6666792.75112k604IndiaPort Blair
17%
5.557795.3222250k429IndonesiaBanda Aceh
17%
-20.44278-54.64639729k619BrazilCampo Grande
17%
22.63330711120.26660192800k297TaiwanKaohsiung
17%
32.52515-93.75018199k274United StatesShreveport
17%
51.7299806939.269995481040k286RussiaVoronezh
16%
-20.72523139.4972722k665AustraliaMount Isa
16%
34.3481762.19967272k320AfghanistanHerat
16%
64.73424177.510310k1492RussiaAnadyr
16%
-20.32399331-40.365996341790k373BrazilVitória
16%
39.06387-108.5506558k296United StatesGrand Junction
16%
22.7150592275.865022742775k338IndiaIndore
16%
-8.76194-63.90389306k759BrazilPorto Velho
16%
17.0150554.09237163k598OmanSalalah
16%
-38.00228-57.55754553k343ArgentinaMar del Plata
16%
52.03171113.50087308k405RussiaChita
16%
7.33978134.4732614k876PWKoror State
16%
56.72676-111.3810376k377CanadaFort McMurray
16%
-20.1528.58333699k365ZimbabweBulawayo
15%
25.57005292-103.42000291300k310MexicoTorreón
15%
-25.50972-54.61111320k305ParaguayCiudad del Este
15%
8.35122-62.64102746k522VenezuelaCiudad Guayana
15%
-6.966617412110.42001952050k259IndonesiaSemarang
15%
24.2048723.285746k746LibyaAl Jawf
15%
37.87501243112.54505774200k360ChinaTaiyuan
15%
46.49-80.99001157k254CanadaGreater Sudbury
15%
29.1026-110.97732595k479MexicoHermosillo
15%
42.8339393.50601137k354ChinaHami
15%
-3.69543128.1814355k682IndonesiaAmbon
15%
-41.46574-72.94289160k304ChilePuerto Montt
15%
-3.31987114.59075572k344IndonesiaBanjarmasin
15%
0.5152825.19099539k606Democratic Republic of the CongoKisangani
15%
11.5936437.39077168k309EthiopiaBahir Dar
15%
-17.8419425.85425109k373ZambiaLivingstone
15%
-5.095000388-42.78000921010k329BrazilTeresina
15%
-22.957514.5052852k268NamibiaWalvis Bay
15%
5.9749116.0724457k671MalaysiaKota Kinabalu
15%
-10.1718123.6075282k722IndonesiaKupang
15%
55.7435-97.8557912k585CanadaThompson
15%
46.3496848.04076502k374RussiaAstrakhan'
15%
-21.20778-159.77513k1139CKAvarua
14%
1.48218124.84892451k513IndonesiaManado
14%
31.61667-2.21667143k341AlgeriaBechar
14%
32.0836123.97639121k368LibyaTobruk
14%
37.9158340.21889644k267TurkeyDiyarbakir
14%
39.5107554.3671387k260TurkmenistanBalkanabat
14%
-21.15345149.1655474k323AustraliaMackay
14%
57.6298739.87368606k250RussiaYaroslavl
14%
9.73917118.73528222k432PhilippinesPuerto Princesa
14%
20.05000226110.32002561800k370ChinaHaikou
14%
50.36386-119.34997297k286CanadaKelowna
14%
2.7858224.7299850k256Democratic Republic of the CongoButa
14%
-31.96173141.4599818k255AustraliaBroken Hill
14%
-29.68417-53.80694249k251BrazilSanta Maria
14%
21.38083-77.91694347k264CubaCamaguey
14%
-4.7760911.86352659k383Republic of the CongoPointe-Noire
14%
42.4530659.61028230k502UzbekistanNukus
14%
-26.82414-65.2226781k517ArgentinaSan Miguel de Tucuman
14%
-6.21319155.5367440k603Papua New GuineaArawa
14%
27.0376614.42832130k595LibyaSabha
13%
51.772755.0988550k335RussiaOrenburg
13%
22.7855.5227873k689AlgeriaTamanrasset
13%
-9.97472-67.81257k449BrazilRio Branco
13%
61.2573.41667300k640RussiaSurgut
13%
58.5966549.66007457k287RussiaKirov
13%
46.8480674.99581k305KazakhstanBalqash
13%
10.2848822.7881810k286Central African RepublicBirao
13%
-0.2816320.8805332k278Democratic Republic of the CongoBoende
13%
34.28001223117.18002032550k266ChinaXuzhou
13%
-12.15278-44.99158k425BrazilBarreiras
13%
62.53528113.9611140k787RussiaMirny
13%
-28.77897114.6145926k371AustraliaGeraldton
13%
20.2704280885.827360391730k357IndiaBhubaneswar
13%
4.4148114.0089228k286MalaysiaMiri
13%
67.4988464.0525380k574RussiaVorkuta
13%
11.2842149.1815874k360SomaliaBosaso
13%
18.51138-88.301134k276MexicoChetumal
13%
49.8333373.1658451k574KazakhstanKaragandy
13%
16.973337.99111124k366NigerAgadez
13%
2.1877122.4682795k322Democratic Republic of the CongoBumba
13%
28.67999229115.87999633675k262ChinaNanchang
13%
30.2832157.07879577k441IranKerman
12%
-8.933.45291k561TanzaniaMbeya
12%
-14.83333-64.984k313BoliviaTrinidad
12%
7.69385-5.03031567k275Côte d'IvoireBouake
12%
-11.86417-55.5025116k417BrazilSinop
12%
-6.72208146.9846976k301Papua New GuineaLae
12%
-26.6480615.1594415k296NamibiaLuderitz
12%
7.45154151.846813k1016FMWeno Town
12%
-36.61667-64.28333111k293ArgentinaSanta Rosa
12%
16.27167-0.0447287k383MaliGao
12%
-17.9333319.7666758k583NamibiaRundu
12%
44.67024102.1749127k506MongoliaHovd
12%
46.68056113.2791715k316MongoliaBaruun-Urt
12%
-5.8581144.2274433k319Papua New GuineaMount Hagen
12%
55.16667-118.8027141k291CanadaGrande Prairie
12%
47.8486488.13361139k426ChinaAltay
12%
-5.52639-47.49167218k463BrazilImperatriz
11%
7.7028627.9953127k451South SudanWau
11%
-3.20333-52.2063970k288BrazilAltamira
11%
-24.86621152.347970k294AustraliaBundaberg
11%
54.51634-128.6034519k387CanadaTerrace
11%
17.41567102.78589247k462ThailandUdon Thani
11%
17.183221.5886223k379ChadFada
11%
31.8972254.3675477k266IranYazd
11%
56.66637124.6382566k664RussiaNeryungri
11%
43.6480651.17222147k306KazakhstanAktau
11%
30.9753141.03808148k332Saudi Arabia'Ar'ar
11%
48.95001-57.9520218k341CanadaCorner Brook
11%
-27.46056-58.98389387k274ArgentinaResistencia
11%
53.7155691.42917167k271RussiaAbakan
11%
-43.24895-65.3050593k338ArgentinaTrelew
11%
9.1401199.33311127k267ThailandSurat Thani
11%
-0.8917119.8707282k306IndonesiaPalu
11%
-19.9833323.4166749k349BotswanaMaun
11%
-34.18551142.1625130k327AustraliaMildura
11%
0.03889-51.06639338k329BrazilMacapa
11%
32.8662859.22114196k321IranBirjand
11%
-9.39861-40.50083194k274BrazilPetrolina
11%
-23.31028-51.16278471k299BrazilLondrina
11%
-28.4477621.2561271k344South AfricaUpington
11%
12.58472-81.7005658k321ColombiaSan Andres
11%
14.4843-4.18296108k366MaliMopti
11%
13.1842130.21669393k361SudanEl Obeid
10%
13.6279325.34936252k254SudanEl Fasher
10%
-2.44306-54.70833189k489BrazilSantarem
10%
26.58004295106.72003862875k331ChinaGuiyang
10%
8.77479167.7391915k442Marshall IslandsEbaye
10%
-1.6333313.5835742k286GabonFranceville
10%
57.85056114.1933315k322RussiaBodaybo
10%
28.399836.5715455k395Saudi ArabiaTabuk
10%
-5.0162232.82663145k276TanzaniaTabora
10%
-3.80044102.26554309k285IndonesiaBengkulu
10%
9.40078-0.8393360k312GhanaTamale
10%
0.79065127.38424101k255IndonesiaTernate
10%
14.5424849.12424258k483YemenAl Mukalla
10%
-10.31509150.4574210k298Papua New GuineaAlotau
10%
4.5772813.68459218k253CameroonBertoua
10%
11.17715-4.2979360k328Burkina FasoBobo-Dioulasso
10%
24.80737-107.39734582k409MexicoCuliacan
10%
23.68477-15.9579875k474MoroccoDakhla
10%
-9.07628143.2091915k324Papua New GuineaDaru
10%
-19.00917-57.6533396k352BrazilCorumba
10%
26.3259943.97497391k330Saudi ArabiaBuraydah
10%
-12.7761115.73917226k395AngolaHuambo
10%
-0.87956131.26104125k462IndonesiaSorong
10%
11.1333339.63333136k250EthiopiaDese
10%
37.107579.93548114k395ChinaHotan
10%
-3.55342143.6267818k263Papua New GuineaWewak
10%
16.89014-24.9804270k267Cape VerdeMindelo
10%
-15.2483523.1274152k408ZambiaMongu
10%
0.564964212101.4250131180k282IndonesiaPekanbaru
10%
-14.9171713.4925102k259AngolaLubango
10%
-5.55021150.1428518k269Papua New GuineaKimbe
10%
39.4547275.97972274k343ChinaKashi
10%
-14.86611-40.83944253k327BrazilVitoria da Conquista
10%
-16.735-43.86167332k336BrazilMontes Claros
10%
52.2740177.00438329k382KazakhstanPavlodar
10%
-18.91861-48.27722563k254BrazilUberlandia
10%
27.193512.4606949k317AlgeriaIn Salah
10%
15.3599784575.125016231050k372IndiaHubli
9%
56.1325101.61417256k461RussiaBratsk
9%
57.1522265.52722519k300RussiaTyumen
9%
-3.9778122.51507195k365IndonesiaKendari
9%
38.46797365106.27303751530k346ChinaYinchuan
9%
48.0055691.6419430k262MongoliaKhovd
9%
-4.21528-69.9405629k371ColombiaLeticia
9%
48.48272135.08379579k359RussiaKhabarovsk
9%
-15.1164639.2666388k462MozambiqueNampula
9%
9.5334231.66048160k386South SudanMalakal
9%
-21.53549-64.72956159k282BoliviaTarija
9%
53.73417119.7651512k289RussiaMogocha
9%
63.5670553.68348102k257RussiaUkhta
9%
27.7051668.85738417k260PakistanSukkur
9%
20.51686-13.0498624k251MauritaniaAtar
9%
11.029720.282728k294ChadAm Timan
9%
-15.51989167.1623513k274VanuatuLuganville
9%
13.060925.23902563k342NigeriaSokoto
9%
-0.3581742.54536234k408SomaliaKismayo
9%
11.4618626.12583264k484SudanEl Daein
9%
-6.64472-51.99516k339BrazilSao Felix do Xingu
9%
26.1600169191.769995081060k302IndiaGuwahati
9%
14.44693-11.4444878k251MaliKayes
9%
9.142918.3923102k261ChadSagh
9%
-11.30417-41.8558363k257BrazilIrece
9%
24.9647210.1727824k317LibyaGhat
9%
-5.6193132.788639k391IndonesiaTual
9%
2.7739127.61603127k345Democratic Republic of the CongoIsiro
9%
-9.6607820.3915540k361AngolaSaurimo
9%
-38.95161-68.0591242k503ArgentinaNeuquen
9%
17.7021733.98638107k278SudanAtbara
8%
47.1166751.88333180k305KazakhstanAtyrau
8%
36.7090467.11087303k250AfghanistanMazar-e Sharif
8%
-5.80917-61.3002814k268BrazilManicore
8%
16.75469-93.11485481k363MexicoTuxtla Gutierrez
8%
12.24507109.19432283k296VietnamNha Trang
8%
-23.3543.66667115k409MadagascarToliara
8%
16.6162-7.253560k369MauritaniaNema
8%
47.35118130.30012743k331ChinaHegang
8%
-25.1783846.0872266k318MadagascarAmbovombe
8%
27.5218841.69073267k262Saudi ArabiaHayil
8%
6.91028122.07389457k263PhilippinesZamboanga
8%
-12.74056-60.1458363k284BrazilVilhena
8%
15.4509936.39998401k272SudanKassala
8%
13.162932.66347345k264SudanKosti
8%
-0.13028-67.0891715k285BrazilSao Gabriel da Cachoeira
8%
10.38542-9.30568114k288GuineaKankan
8%
26.7100488.42851515k259IndiaShiliguri
8%
-2.57444150.7966914k255Papua New GuineaKavieng
8%
31.130497.1798286k440ChinaQamdo
8%
-4.085-63.1413950k293BrazilCoari
8%
18.441111.4077811k285MaliKidal
8%
61.7849134.34691265k291RussiaPetrozavodsk
8%
-10.2128931.1808491k288ZambiaKasama
8%
-2.9437325.92237135k328Democratic Republic of the CongoKindu
7%
10.5668872.6420310k326IndiaKavaratti
7%
32.01999514112.13004431560k258ChinaXiangyang
7%
43.96667116.03333120k303ChinaXilin Hot
7%
-3.35989135.5007443k317IndonesiaNabire
7%
34.383847.0553766k271IranKahriz
7%
-0.4527539.6460167k293KenyaGarissa
7%
-2.5166732.9436k315TanzaniaMwanza
7%
50.2491566.9202742k281KazakhstanArkalyk
7%
-17.88139-51.7144476k266BrazilJatai
7%
29.496360.8629551k375IranZahedan
7%
-8.37915-74.55387310k413PeruPucallpa
7%
16.14653-13.5047455k263MauritaniaKaedi
7%
9.3014213.39771436k282CameroonGaroua
7%
-19.5666718.1166724k250NamibiaGrootfontein
7%
53.2143563.62463210k258KazakhstanKostanay
7%
42.9763847.50236497k262RussiaMakhachkala
7%
49.9714382.60586319k385KazakhstanUst-Kamenogorsk
6%
47.7416796.8444416k272MongoliaUliastay
6%
26.0022863.0439975k269PakistanTurbat
6%
46.95407142.73603176k354RussiaYuzhno-Sakhalinsk
6%
26.86879100.220721137k316ChinaLijiang
6%
27.2024560.68476131k254IranIranshahr
6%
-11.4655634.02071175k277MalawiMzuzu
6%
13.4526222.44725162k314SudanGeneina
6%
44.58333129.6665k256ChinaMudanjiang
6%
8.5666716.08333135k296ChadMoundou
6%
-4.35202152.2632726k417Papua New GuineaKokopo
6%
31.352927.2372562k258EgyptMersa Matruh
6%
-20.2886944.3178236k282MadagascarMorondava
6%
8.2534.5833342k256EthiopiaGambela
6%
53.14657140.7228827k385RussiaNikolayevsk-on-Amur
6%
-12.278749.2917182k497MadagascarAntsiranana
6%
47.9644780.4343733k274KazakhstanAyagoz
6%
-4.88278-66.8958318k296BrazilCarauari
5%
-26.5833318.1333315k371NamibiaKeetmanshoop
5%
-5.0409818.81619186k267Democratic Republic of the CongoKikwit
5%
-3.5210523.600568k265Democratic Republic of the CongoLodja
5%
29.263880.2309849k351AlgeriaTimimoun
5%
22.71873-12.4520538k374MauritaniaZouerat
5%
-7.21306-39.31528225k379BrazilJuazeiro do Norte
5%
-45.57524-72.0661945k357ChileCoihaique
5%
-15.7166746.31667154k376MadagascarMahajanga
5%
9.708531.66598237k277BeninDjougou
5%
-6.66028-69.8736117k268BrazilEirunepe
5%
49.2119.7211k366ChinaHailar
5%
-29.95332-71.33947161k320ChileCoquimbo
5%
-10.88528-61.95167107k317BrazilJi Parana
5%
-27.36679-70.3314129k295ChileCopiapo
5%
17.925719.1042813k276ChadFaya-Largeau
5%
51.7147294.45338108k302RussiaKyzyl
5%
-0.86667134.0833353k314IndonesiaManokwari
5%
-10.2666740.1833396k301TanzaniaMtwara
5%
0.0486518.26034184k477Democratic Republic of the CongoMbandaka
5%
-14.658517.6909932k264AngolaMenongue
5%
12.4395498.60028173k251MyanmarMyeik
5%
67.6386953.0037118k270RussiaNar'yan-Mar
5%
-12.7823445.2287854k345YTMamoudzou
5%
-12.73333-69.1833338k314PeruTambopata
5%
48.97215140.2891929k251RussiaSovetskaya Gavan'
4%
55.63695109.3229725k255RussiaSeverobaikalsk
4%
-17.8786136.88833188k306MozambiqueQuelimane
4%
41.1131280.26918340k364ChinaYingbazha
4%
20.4606745.5779224k314Saudi ArabiaAs Sulayyil
4%
13.77073-13.6673478k267SenegalTambacounda
4%
-36.72494-73.11684252k415ChileTalcahuano
4%
65.9338111.483415k397RussiaAykhal
4%
-17.7833315.6833333k394NamibiaOshakati
4%
51.12853133.0082714k259RussiaChegdomyn
4%
20.93098-17.0346572k324MauritaniaNouadhibou
4%
-6.12193141.2906111k261Papua New GuineaKiunga
4%
50.55034137.00995275k268RussiaKomsomolsk-on-Amur
4%
17.7300146783.304982051980k433IndiaVishakhapatnam
4%
6.9896119.1874456k253Central African RepublicKaga Bandoro
4%
56.32035160.8454110k382RussiaKlyuchi
3%
61.6764250.80994230k349RussiaSyktyvkar
3%
6.7697247.4308361k369SomaliaGaalkacyo
3%
44.8527865.50917300k435KazakhstanKyzylorda
3%
-8.4964119.8877188k374IndonesiaLabuhanbajo
3%
25.3864197.3943990k273MyanmarMyitkyina
3%
-0.2987873.4240311k494MaldivesFuvahmulah
3%
44.88239110.1163119k417MongoliaSaynshand
3%
18.342.73333387k361Saudi ArabiaKhamis Mushait
3%
39.8112198.28618122k367ChinaJiayuguan
3%
66.0833376.6333394k327RussiaNovyy Urengoy
3%
41.7605586.15231179k255ChinaSayibage
3%
55.4475378.3218148k296RussiaKuybyshev
2%
47.7833367.76667104k369KazakhstanZhezqazghan
2%

Score Distribution

Percentile by Number Answered

Percent of People with Each Score

Your Score History

You have not taken this quiz since the last reset